000 00731nam a2200229 i 4500
001 188728
003 ES-MaACL
005 20230906223304.0
007 t|
008 190211s1967 sp ||||1| spa d
100 1 _aCanal, André.
_934368
245 1 3 _aLa crisis de la adolescencia
_b: su enfrentamiento con el mundo actual /
_cAndré Canal ; [versión de Pedro Darnell].
250 _a2ª ed.
260 _aBarcelona :
_bNova Terra,
_c1967.
300 _a137 p. ;
_c20 cm.
490 1 _aColección "Navidad" ;
_v11
650 0 4 _aAdolescentes-
_xPsicología.
_99649
700 0 _aDarnell, Pedro.
_942741
830 0 _aColección "Navidad" ;
_v11
_9181795
852 _aES-MaACL
_jP-474-Ter-10
999 _c188728
_d188728